Scacchi: non farti mangiare #3 - Morte improvvisa - Statistics

Statistiche generali
  • Questo quiz è stato fatto 154 volte
  • Il punteggio medio è 4 su 8
Answers on the Grid
Answers color-coded by a green-red scale on the quiz's grid according to % correct below.
 
Statistiche sulle risposte
Risposta % Corretto
63%
56%
44%
41%
41%
41%
33%
33%
Nessun quiz corrispondente trovato
Distribuzione punteggi
Percentuale di utenti per punteggio
Percentile per numero di risposta
I tuoi punteggi nel tempo
Non hai fatto questo quiz